000 00493nam a2200181Ia 4500
008 100917s9999 xx 000 0 und d
082 _b13997
100 _aपारखी पां. गो.
245 _aषड्रऋतुवर्णन
260 _b---
_c1887
300 _a100
365 _b0.5
520 _aकविता
630 _aषड्रऋतुवर्णन
650 _aकविता
730 _aषड्रऋतुवर्णन
942 _cBOOK
999 _c619391
_d619388